O cavaleiro da mão de prata (Record no. 44706)

MARC details
000 -Etiqueta do registo
Valores 00620cam a22002051 04500
100 ## - Dados gerais de processamento
Dados gerais 19900901d1958 m y0pory5003 ba
101 1# - Língua de publicação
Língua por
102 ## - País de publicação
País PT
200 1# - Titulo e menção de responsabilidade
Título próprio O cavaleiro da mão de prata
Primeira menção de responsabilidade Howard Pyle
Outras menções de responsabilidade trad. Maria Isabel Braga, Mário Braga
210 #9 - Publicação
Local de publicação Porto
Nome do editor Livraria Civilizacão,
Data de publicação 1958
215 ## - Descrição física 
Paginação / Volumes 167, 4p.
Outras indicações físicas il.
Dimensões 19 cm
304 ## - Nota relativa ao título
Texto de nota Tít. orig. Olto of the silver pand
675 ## - CDU
Notação 820+820(73)
Edição med
Língua por
700 #1 - Autor principal
Apelido Pyle,
Nome Howard,
Datas 1853-1911
702 #1 - Autor secundário
Apelido Braga,
Nome Isabel,
Datas 1919-
Função 730
702 #1 - Autor secundário
Apelido Braga,
Nome Mário,
Datas 1921-2016
Função 730
801 #0 - Fonte de origem
País PT
Agência BN
Regras de catalogação RPC
990 ## - Elementos KOHA
Tipo de documento Livro
Holdings
Aquisição Empréstimo Código de barras Cota Permissão de empréstimo Tipo de documento
Biblioteca Municipal de Redondo Biblioteca Municipal de Redondo 054586 82-93 PYL   Livro

Powered by Koha